000 00758 a2200229 4500
005 20251021111838.0
008 251021b |||||||| |||| 00| 0 eng d
020 _a9781804299388 (hbk)
037 _cTB
040 _aCRL
_cCRL
041 _2eng
_aeng
084 _aW64N19 R5
_qCRL
100 _aBarkan, Ross
_9821425
245 _aFascism or genocide:
_bhow a decade of political disorder boke American politics
260 _aLondon, UK;
_aNew York, USA:
_bVerso,
_c2025.
300 _a195p.
365 _b17.99
_cUKP
650 _aPolitical Science
_9848828
650 _aFascism
_9848829
942 _cTB
_2CC
_n0
_hW64N19 R5
999 _c1435504
_d1435504